[Event "FB1 2223 SV Medizin Erfurt - SV Hemer 1"]
[Site "?"]
[Date "2023.04.30"]
[Round "10.2"]
[White "Reuter, Elisa"]
[Black "Kucharska, Honorata"]
[Result "0-1"]
[WhiteElo "1944"]
[BlackElo "2173"]
[PlyCount "142"]
[EventDate "2023.??.??"]

1. e4 c5 2. Nf3 Nc6 3. d4 cxd4 4. Nxd4 Nf6 5. Nc3 d6 6. Be2 e5 7. Nb3 Be7 8. O-O O-O 9. Kh1 a5 10. a4 Be6 11. f4 Nb4 12. Be3 Qc7 13. Rc1 Rfd8 14. f5 Bd7 15. Bg5 Bc6 16. Bxf6 Bxf6 17. Bf3 Qd7 18. Ra1 b6 19. Qe2 Rac8 20. Rfd1 h6 21. Nc1 Bb7 22. Qf2 Qc7 23. Nd3 Na6 24. Rac1 Bc6 25. Nb5 Qb7 26. Qe2 Bg5 27. Ra1 Be8 28. b3 Qe7 29. c4 Bc6 30. Rab1 Nc5 31. Nxc5 dxc5 32. Nc3 Rd4 33. Nb5 Bxb5 34. axb5 Rcd8 35. Rxd4 cxd4 36. Qd3 Qb4 37. Be2 Be3 38. h3 Ra8 39. Qc2 Rc8 40. Bd3 Qc3 41. Rd1 Qxc2 42. Bxc2 a4 43. bxa4 Rxc4 44. Bd3 Rxa4 45. Kh2 Kf8 46. Kg3 Ke7 47. Kf3 Kd6 48. Be2 Kc5 49. Rd3 Ra2 50. Rb3 g6 51. g4 Bf4 52. Kf2 g5 53. Kf3 f6 54. Kf2 Bd2 55. Kf3 Be3 56. Rb1 Ra3 57. Rd1 Kb4 58. Rd3 Ra2 59. Rd1 Bd2 60. Rb1+ Kc3 61. Bd1 Ra3 62. Kg2 d3 63. Kf3 Bf4 64. Kf2 d2 65. Ke2 Kc4 66. Kf2 Rc3 67. Be2+ Kc5 68. Rd1 Rc1 69. Kg2 Kd4 70. Kf3 Kc3 71. Kf2 Kc2 0-1

[Event "FB1 2223 SV Medizin Erfurt - SV Hemer 1"]
[Site "?"]
[Date "2023.04.30"]
[Round "10.3"]
[White "Hess, Olena"]
[Black "Mueller-Ludwig, Kristin"]
[Result "1-0"]
[WhiteElo "2055"]
[BlackElo "2021"]
[PlyCount "53"]
[EventDate "2023.??.??"]

1. Nf3 Nf6 2. c4 g6 3. Nc3 Bg7 4. e4 d6 5. d4 O-O 6. Be2 e5 7. O-O Nc6 8. d5 Ne7 9. Qc2 Ne8 10. Rd1 Kh8 11. b4 a5 12. bxa5 Rxa5 13. a4 f5 14. Ng5 Nf6 15. f3 Nh5 16. Nb5 h6 17. Ne6 Bxe6 18. dxe6 Rf6 19. c5 Rxe6 20. cxd6 cxd6 21. Qc7 Nc6 22. Qxd8+ Nxd8 23. Bc4 Rf6 24. Nxd6 Rf8 25. Be3 fxe4 26. Bb6 Ra8 27. Bxd8 1-0

[Event "FB1 2223 SV Medizin Erfurt - SV Hemer 1"]
[Site "?"]
[Date "2023.04.30"]
[Round "10.4"]
[White "Anisheva, Varvara"]
[Black "Trunz, Elena"]
[Result "1/2-1/2"]
[WhiteElo "2078"]
[BlackElo "2123"]
[PlyCount "90"]
[EventDate "2023.??.??"]

1. e4 c5 2. Nc3 d6 3. f4 Nc6 4. Nf3 g6 5. Bc4 Bg7 6. O-O e6 7. f5 exf5 8. d3 Nge7 9. exf5 Bxf5 10. g4 d5 11. Nxd5 Nxd5 12. gxf5 O-O 13. Qe1 Nb6 14. Bb3 Nd4 15. fxg6 hxg6 16. Nxd4 Qxd4+ 17. Kh1 c4 18. dxc4 Nxc4 19. c3 Qd5+ 20. Kg1 Rae8 21. Qf2 Re4 22. Bf4 a5 23. Rad1 Qe6 24. Rde1 Qg4+ 25. Bg3 Rxe1 26. Rxe1 b5 27. Qe2 Qc8 28. Bxc4 bxc4 29. Bd6 Rd8 30. Ba3 Bh6 31. Qe4 Qc7 32. Re2 Qb6+ 33. Kg2 Qb5 34. Be7 Re8 35. Qf3 Qd7 36. Bf6 Rxe2+ 37. Qxe2 Qd5+ 38. Qf3 Qd2+ 39. Qf2 Qd6 40. Bd4 a4 41. Qf3 Bg7 42. Qa8+ Kh7 43. Bxg7 Qd2+ 44. Kg3 Kxg7 45. Qxa4 Qd6+ 1/2-1/2

[Event "FB1 2223 SV Medizin Erfurt - SV Hemer 1"]
[Site "?"]
[Date "2023.04.30"]
[Round "10.5"]
[White "Dartmann Aubanell, Catriona"]
[Black "Troyke, Doreen"]
[Result "0-1"]
[WhiteElo "1872"]
[BlackElo "1969"]
[PlyCount "68"]
[EventDate "2023.??.??"]

1. e4 c5 2. Nf3 Nc6 3. c3 Nf6 4. e5 Nd5 5. d4 cxd4 6. cxd4 d6 7. Bc4 Nb6 8. Bb5 Bd7 9. exd6 e6 10. Bf4 Nd5 11. Bd2 Bxd6 12. Nc3 Nxc3 13. bxc3 O-O 14. O-O Qc7 15. Bd3 Bf4 16. Rb1 b6 17. Re1 Rac8 18. Bxf4 Qxf4 19. Re4 Qf6 20. Qd2 Rfd8 21. Rf4 Qe7 22. Rh4 h6 23. Qf4 Na5 24. Rg4 f5 25. Qxh6 Rxc3 26. Ne5 Rxd3 27. Rg5 Rxd4 28. Qh5 Be8 29. Rg6 Nc6 30. Nxc6 Bxc6 31. h3 Be8 32. Qg5 Qxg5 33. Rxg5 Rd1+ 34. Rxd1 Rxd1+ 0-1

[Event "FB1 2223 SV Medizin Erfurt - SV Hemer 1"]
[Site "?"]
[Date "2023.04.30"]
[Round "10.6"]
[White "Ulrich, Helena Irene"]
[Black "Trunz, Michelle"]
[Result "0-1"]
[WhiteElo "1609"]
[BlackElo "2039"]
[PlyCount "44"]
[EventDate "2023.??.??"]

1. e4 c5 2. Nf3 d6 3. d4 cxd4 4. Nxd4 Nf6 5. Nc3 a6 6. h3 e6 7. g4 d5 8. g5 Nxe4 9. Nxe4 dxe4 10. Be3 Be7 11. Qd2 b5 12. Bg2 Bb7 13. h4 Nd7 14. Nb3 Rc8 15. Rg1 Qc7 16. O-O-O Bd5 17. Kb1 Ne5 18. Bd4 O-O 19. Rde1 Rfd8 20. Rd1 Bxb3 21. axb3 Nc6 22. c3 e5 0-1

[Event "FB1 2223 SV Weißblau Allianz Leipzig - "]
[Site "?"]
[Date "2023.04.30"]
[Round "10.1"]
[White "Antolak, Julia"]
[Black "Cyfka, Karina"]
[Result "1/2-1/2"]
[WhiteElo "2245"]
[BlackElo "2354"]
[PlyCount "60"]
[EventDate "2023.??.??"]

1. e4 e5 2. Nf3 Nf6 3. Nxe5 d6 4. Nd3 Nxe4 5. Qe2 Qe7 6. Nf4 c6 7. d4 d5 8. f3 Nd6 9. Kf2 h5 10. h4 Na6 11. c3 Nc7 12. Qxe7+ Bxe7 13. g3 a5 14. Na3 Bf5 15. Bd2 Ne6 16. Bd3 Kd7 17. Nc2 Nxf4 18. Bxf5+ Nxf5 19. Bxf4 Bd6 20. Bxd6 Kxd6 21. Rae1 Rae8 22. Rxe8 Rxe8 23. g4 Ne7 24. Re1 g6 25. a4 Kd7 26. Kg3 Nc8 27. Rxe8 Kxe8 28. Ne1 Nd6 29. Nd3 Ke7 30. Kf4 Kf6 1/2-1/2

[Event "FB1 2223 SV Weißblau Allianz Leipzig - "]
[Site "?"]
[Date "2023.04.30"]
[Round "10.2"]
[White "Jaracz, Barbara"]
[Black "Unuk, Laura"]
[Result "0-1"]
[WhiteElo "2178"]
[BlackElo "2310"]
[PlyCount "76"]
[EventDate "2023.??.??"]

1. e4 c6 2. d4 d5 3. e5 Bf5 4. c4 e6 5. Nc3 Ne7 6. a3 dxc4 7. Bxc4 Nd7 8. Nge2 Nb6 9. Bb3 h5 10. O-O h4 11. f3 Ned5 12. Ne4 Be7 13. N2c3 Qc7 14. Bd2 f6 15. f4 Nxc3 16. Nxc3 O-O-O 17. Be3 Kb8 18. Qe2 Rhg8 19. Rac1 Qd7 20. Qf2 Rc8 21. Bc2 Bxc2 22. Qxc2 f5 23. Qf2 Nc4 24. Na4 Qd5 25. Nc3 Qd8 26. Na4 Nxe3 27. Qxe3 g5 28. Rcd1 gxf4 29. Qb3 h3 30. Qxh3 Rg4 31. Qb3 f3 32. Rxf3 Rxd4 33. Rfd3 Rd5 34. Rxd5 cxd5 35. Nc3 Bc5+ 36. Kh1 Qh8 37. Re1 Bf2 38. Re2 Qxh2+ 0-1

[Event "FB1 2223 SV Weißblau Allianz Leipzig - "]
[Site "?"]
[Date "2023.04.30"]
[Round "10.3"]
[White "Brandt, Carina"]
[Black "Hincu, Olga"]
[Result "1/2-1/2"]
[WhiteElo "2069"]
[BlackElo "2114"]
[PlyCount "82"]
[EventDate "2023.??.??"]

1. e4 c6 2. d4 d5 3. Nd2 dxe4 4. Nxe4 Bf5 5. Ng3 Bg6 6. h4 h6 7. Nf3 Nd7 8. h5 Bh7 9. Bd3 Bxd3 10. Qxd3 e6 11. Bd2 Ngf6 12. O-O-O Be7 13. Kb1 Qb6 14. c4 Rd8 15. Bc3 Qa6 16. Nd2 Nc5 17. Qc2 Na4 18. f4 b5 19. Nf3 bxc4 20. f5 Nxc3+ 21. bxc3 Nd5 22. fxe6 O-O 23. exf7+ Rxf7 24. Rde1 Ba3 25. Ka1 Qa5 26. Ne4 Rb7 27. Rb1 Ne3 28. Qe2 Rdb8 29. Rxb7 Rxb7 30. Rb1 Rxb1+ 31. Kxb1 Qb5+ 32. Ka1 Nd1 33. Qc2 Bb2+ 34. Kb1 Nxc3+ 35. Nxc3 Bxc3+ 36. Kc1 Qa5 37. Qg6 Qa3+ 38. Kd1 Qa4+ 39. Kc1 Qa3+ 40. Kd1 Qa4+ 41. Kc1 Qa3+ 1/2-1/2

[Event "FB1 2223 SV Weißblau Allianz Leipzig - "]
[Site "?"]
[Date "2023.04.30"]
[Round "10.4"]
[White "Kunze, Kerstin"]
[Black "Waechter, Nathalie"]
[Result "1/2-1/2"]
[WhiteElo "2004"]
[BlackElo "1998"]
[PlyCount "29"]
[EventDate "2023.??.??"]

1. e4 d5 2. exd5 Qxd5 3. Nc3 Qd6 4. d4 Nf6 5. Nf3 c6 6. h3 Bf5 7. Bd3 Bxd3 8. Qxd3 Nbd7 9. Bd2 e6 10. O-O Rd8 11. Rfe1 Be7 12. Ne2 c5 13. Qb5 O-O 14. Bf4 Qb6 15. Qxb6 1/2-1/2

[Event "FB1 2223 SV Weißblau Allianz Leipzig - "]
[Site "?"]
[Date "2023.04.30"]
[Round "10.5"]
[White "Koehler, Inken"]
[Black "Schulz, Petra"]
[Result "1/2-1/2"]
[WhiteElo "2018"]
[BlackElo "2001"]
[PlyCount "89"]
[EventDate "2023.??.??"]

1. d4 Nf6 2. c4 g6 3. Nc3 Bg7 4. e4 d6 5. Be2 O-O 6. Be3 e5 7. d5 Ne8 8. h4 f5 9. Bg5 Bf6 10. Nh3 f4 11. Bg4 Ng7 12. Bxf6 Rxf6 13. Ng5 Na6 14. Be6+ Bxe6 15. dxe6 c6 16. Nf7 Qe7 17. Qxd6 Rxe6 18. Qxe7 Rxe7 19. Ng5 Nc5 20. O-O-O a5 21. Rd2 Ne8 22. Rhd1 h6 23. Nh3 Kf7 24. f3 Nc7 25. Nf2 h5 26. Nd3 Nxd3+ 27. Rxd3 Ne6 28. Na4 Nd4 29. Nb6 Ra6 30. c5 Rc7 31. R1d2 Kf6 32. b3 Rg7 33. Kb2 g5 34. hxg5+ Rxg5 35. Nd7+ Ke6 36. Nxe5 Kxe5 37. Rxd4 Ra8 38. Rd7 Rag8 39. Rh7 Rxg2 40. Rxh5+ Ke6 41. Rh2 Rxd2+ 42. Rxd2 Rg5 43. Rh2 Rg3 44. Rf2 Rg5 45. Rh2 1/2-1/2

[Event "FB1 2223 SV Weißblau Allianz Leipzig - "]
[Site "?"]
[Date "2023.04.30"]
[Round "10.6"]
[White "Kluge, Heidemarie"]
[Black "Rosmait, Emily"]
[Result "0-1"]
[WhiteElo "1915"]
[BlackElo "1872"]
[PlyCount "76"]
[EventDate "2023.??.??"]

1. d4 Nf6 2. Bf4 e6 3. e3 b6 4. Nf3 Bb7 5. Bd3 Be7 6. Nbd2 d5 7. Ne5 O-O 8. Qf3 c5 9. c3 Nc6 10. Qh3 cxd4 11. exd4 g6 12. Bh6 Re8 13. f3 Nd7 14. f4 Nf6 15. Qf3 Rc8 16. O-O Qc7 17. Rae1 Na5 18. Qh3 Ne4 19. Nxe4 dxe4 20. Bxe4 Bxe4 21. Rxe4 f5 22. Re2 Nc4 23. Qg3 Nxe5 24. fxe5 Bf8 25. Bg5 b5 26. a3 a5 27. h4 Kf7 28. h5 Be7 29. Bh6 b4 30. axb4 axb4 31. Qh3 bxc3 32. Rc2 Qb6 33. hxg6+ hxg6 34. Be3 Rh8 35. Qf3 cxb2 36. Rxc8 Rxc8 37. d5 Bc5 38. dxe6+ Kxe6 0-1

[Event "FB1 2223 Rodewischer Schachmiezen - Ham"]
[Site "?"]
[Date "2023.04.30"]
[Round "10.1"]
[White "Padmini, Rout"]
[Black "Sieber, Fiona"]
[Result "0-1"]
[WhiteElo "2388"]
[BlackElo "2217"]
[PlyCount "74"]
[EventDate "2023.??.??"]

1. e4 c5 2. Nf3 e6 3. d4 cxd4 4. Nxd4 Nf6 5. Nc3 Nc6 6. Ndb5 Bb4 7. a3 Bxc3+ 8. Nxc3 d5 9. exd5 exd5 10. Bd3 O-O 11. O-O Bg4 12. Qd2 Re8 13. f3 Bh5 14. Qf2 d4 15. Ne2 Bg6 16. Bg5 Bxd3 17. cxd3 h6 18. Bh4 Qd6 19. Rae1 a5 20. h3 Nd7 21. Bg3 Qd5 22. Bh2 Nc5 23. Nf4 Qf5 24. Qc2 b6 25. Qc4 a4 26. Rxe8+ Rxe8 27. Qb5 Qd7 28. Qxb6 Nb3 29. Qb5 Ne5 30. Qb4 Rc8 31. Kh1 f6 32. Qb6 Kh7 33. Ne6 Nxd3 34. Qa6 Nxb2 35. Qe2 d3 36. Qe4+ Kg8 37. Nf4 Nd2 0-1

[Event "FB1 2223 Rodewischer Schachmiezen - Ham"]
[Site "?"]
[Date "2023.04.30"]
[Round "10.2"]
[White "Movsesian, Julia"]
[Black "Roebers, Eline"]
[Result "0-1"]
[WhiteElo "2239"]
[BlackElo "2356"]
[PlyCount "112"]
[EventDate "2023.??.??"]

1. e4 e6 2. d4 d5 3. Nd2 c5 4. exd5 Qxd5 5. Ngf3 cxd4 6. Bc4 Qd6 7. O-O Nf6 8. Nb3 Nc6 9. Nbxd4 Nxd4 10. Nxd4 Be7 11. Bb5+ Bd7 12. Bxd7+ Qxd7 13. c3 Nd5 14. Qf3 O-O 15. Rd1 Rfd8 16. Nf5 Qc7 17. Nxe7+ Qxe7 18. Be3 Rac8 19. Rd4 b5 20. Rad1 Rc6 21. a4 a6 22. axb5 axb5 23. Qe2 Qb7 24. Qh5 Rc4 25. Qe5 Qc6 26. Qg3 f6 27. R4d2 Ra8 28. h3 Rca4 29. Qf3 Ra1 30. Rxa1 Rxa1+ 31. Kh2 Ra2 32. Qg3 Kf7 33. Qf3 g6 34. Bd4 Qc7+ 35. g3 h5 36. Qe4 Ne7 37. Re2 Qc6 38. Qxc6 Nxc6 39. f4 Nxd4 40. cxd4 Ra4 41. Rd2 Rb4 42. Kg2 Ke7 43. g4 h4 44. f5 exf5 45. gxf5 g5 46. Kf3 Rb3+ 47. Ke4 Rxh3 48. Kd5 Kd7 49. b3 Rxb3 50. Ra2 Rc3 51. Ra6 b4 52. Rxf6 b3 53. Rf7+ Ke8 54. Rb7 h3 55. Ke6 Rc6+ 56. Kd5 h2 0-1

[Event "FB1 2223 Rodewischer Schachmiezen - Ham"]
[Site "?"]
[Date "2023.04.30"]
[Round "10.3"]
[White "Gaal, Zsoka"]
[Black "Sliwicka, Alicja"]
[Result "1/2-1/2"]
[WhiteElo "2310"]
[BlackElo "2289"]
[PlyCount "146"]
[EventDate "2023.??.??"]

1. Nf3 Nf6 2. g3 g6 3. Bg2 Bg7 4. d4 d6 5. c4 O-O 6. Nc3 c6 7. O-O Bf5 8. Ng5 d5 9. h3 h6 10. Nf3 dxc4 11. g4 Bc8 12. e4 b5 13. Qc2 Na6 14. a3 Nd7 15. Rd1 e5 16. g5 hxg5 17. Bxg5 Qb6 18. d5 Nc7 19. a4 cxd5 20. Nxd5 Nxd5 21. Rxd5 bxa4 22. Rxa4 Qe6 23. Rxc4 Bb7 24. Rd1 Nb6 25. Rc3 Rac8 26. Be3 Rxc3 27. Qxc3 Rc8 28. Qa3 Ra8 29. Ng5 Qe8 30. Qb3 Ba6 31. Bxb6 axb6 32. Qxb6 Qe7 33. h4 Be2 34. Qc6 Rd8 35. Rxd8+ Qxd8 36. Qd5 Qc7 37. Qd2 Bg4 38. Bf1 Bh6 39. Qc3 Qe7 40. Qg3 Bxg5 41. hxg5 Qxg5 42. b4 Qh5 43. b5 Bf3 44. Bg2 Bxg2 45. Kxg2 Qe2 46. Qxe5 Qg4+ 47. Kh2 Qh4+ 48. Kg1 Qg4+ 49. Qg3 Qxe4 50. Qb3 Qe1+ 51. Kg2 Qe4+ 52. Kh2 Qe5+ 53. Kg2 Qe4+ 54. Qf3 Qd4 55. Qe2 Qd5+ 56. Kh2 Kf8 57. Qb2 Qh5+ 58. Kg3 Qg5+ 59. Kf3 Qd5+ 60. Ke3 Qc5+ 61. Kd3 Qd5+ 62. Kc2 Qc4+ 63. Kb1 Kg8 64. f3 Qf1+ 65. Ka2 Qxf3 66. b6 Qd5+ 67. Qb3 Qa5+ 68. Kb2 Qd2+ 69. Kb1 Qe1+ 70. Kc2 Qe2+ 71. Kc3 Qe3+ 72. Kc4 Qe6+ 73. Kc3 Qe3+ 1/2-1/2

[Event "FB1 2223 Rodewischer Schachmiezen - Ham"]
[Site "?"]
[Date "2023.04.30"]
[Round "10.4"]
[White "Hagarova, Zuzana"]
[Black "Genova, Lyubka"]
[Result "1/2-1/2"]
[WhiteElo "2287"]
[BlackElo "2239"]
[PlyCount "79"]
[EventDate "2023.??.??"]

1. e4 c5 2. Nf3 e6 3. d4 cxd4 4. Nxd4 Nc6 5. Nc3 Qc7 6. Be3 a6 7. Bd3 Nf6 8. O-O b5 9. Kh1 Bb7 10. a3 h5 11. f4 Ng4 12. Bg1 Nxd4 13. Bxd4 Bc5 14. Be2 O-O-O 15. Qd2 f6 16. Bf3 e5 17. Bxc5 Qxc5 18. Rae1 exf4 19. Bxg4 hxg4 20. Qxf4 Rh4 21. g3 Rh3 22. Qxg4 Rdh8 23. Re2 Qc4 24. Rd1 Bc6 25. Qf4 Kb7 26. Red2 Qe6 27. Kg1 g5 28. Qf3 Qe5 29. Qe3 f5 30. Rxd7+ Bxd7 31. Rxd7+ Kc6 32. Rd5 Qe7 33. Rd2 f4 34. Qd4 fxg3 35. Nd5 Qc5 36. Nb4+ Kb6 37. Nd5+ Kc6 38. Nb4+ Kb6 39. Nd5+ Kc6 40. Nb4+ 1/2-1/2

[Event "FB1 2223 Rodewischer Schachmiezen - Ham"]
[Site "?"]
[Date "2023.04.30"]
[Round "10.5"]
[White "Ziegenfuss, Antonia"]
[Black "Theissl Pokorna, Regina"]
[Result "1-0"]
[WhiteElo "2156"]
[BlackElo "2304"]
[PlyCount "73"]
[EventDate "2023.??.??"]

1. d4 d5 2. c4 e6 3. Nc3 c5 4. cxd5 exd5 5. Nf3 Nc6 6. dxc5 Nf6 7. Bg5 Bxc5 8. e3 O-O 9. Be2 Be6 10. O-O h6 11. Bh4 Rc8 12. Rc1 Be7 13. Qa4 a6 14. a3 Qb6 15. Qc2 d4 16. exd4 Nxd4 17. Nxd4 Qxd4 18. Bg3 Qb6 19. Bf3 Rfd8 20. Rfe1 Bd6 21. Bxd6 Rxd6 22. b4 a5 23. b5 Rc4 24. Qb2 Bg4 25. Ne4 Rxc1 26. Rxc1 Nxe4 27. Bxe4 Rd4 28. Bxb7 Qf6 29. Qc2 Qd6 30. h3 Be6 31. Bf3 Qxa3 32. b6 Rc4 33. Qxc4 Bxc4 34. Rxc4 Qa1+ 35. Kh2 Qe5+ 36. g3 Qb2 37. b7 1-0

[Event "FB1 2223 Rodewischer Schachmiezen - Ham"]
[Site "?"]
[Date "2023.04.30"]
[Round "10.6"]
[White "Kanakova, Natalie"]
[Black "Wulf, Constanze"]
[Result "1-0"]
[WhiteElo "2136"]
[BlackElo "1838"]
[PlyCount "147"]
[EventDate "2023.??.??"]

1. Nf3 d5 2. c4 e6 3. e3 Nf6 4. b3 c6 5. Bb2 Nbd7 6. Qc2 Bd6 7. Nc3 O-O 8. Rg1 a6 9. g4 b5 10. g5 Ne8 11. Bd3 g6 12. h4 b4 13. Na4 Bb7 14. c5 Bc7 15. Nb6 Nxb6 16. cxb6 Bd6 17. Ne5 Bxe5 18. Bxe5 Qe7 19. h5 Ng7 20. Bf6 Qd7 21. Rh1 Nf5 22. Bxf5 exf5 23. Qc5 Rfe8 24. Bb2 d4 25. Rh4 Re4 26. Rxe4 fxe4 27. Bxd4 Qg4 28. Qe5 Qg1+ 29. Ke2 Qg4+ 30. Kf1 Qh3+ 31. Kg1 Qg4+ 32. Qg3 Qxg3+ 33. fxg3 Rd8 34. Rd1 Rd5 35. Bf6 Kf8 36. hxg6 fxg6 37. Rf1 Kg8 38. Rf4 Rxd2 39. Rxe4 Rd1+ 40. Kf2 Rd7 41. Rxb4 c5 42. Rc4 Rd6 43. Rxc5 Rxb6 44. Rc7 Be4 45. Rc8+ Kf7 46. Rc7+ Kg8 47. Rg7+ Kf8 48. Rxh7 Rc6 49. a3 Rc2+ 50. Ke1 Rc1+ 51. Kd2 Rc2+ 52. Kd1 Rg2 53. b4 Ra2 54. Re7 Bd3 55. e4 Rxa3 56. Kd2 Bb1 57. e5 Ba2 58. e6 Rf3 59. Rf7+ Ke8 60. Rd7 Bxe6 61. Re7+ Kf8 62. Rxe6 Ra3 63. Bc3 Ra2+ 64. Ke3 Rc2 65. Bd2 Ra2 66. Rxg6 Ra3+ 67. Ke2 Kf7 68. Rf6+ Kg7 69. Rf3 Ra2 70. Rf5 Ra3 71. Ra5 Rxg3 72. Rxa6 Rg2+ 73. Kd3 Rg4 74. b5 1-0

[Event "FB1 2223 OSG Baden-Baden - SK Schwäbisc"]
[Site "?"]
[Date "2023.04.30"]
[Round "10.1"]
[White "Javakhishvili, Lela"]
[Black "Muzychuk, Mariya"]
[Result "1/2-1/2"]
[WhiteElo "2446"]
[BlackElo "2515"]
[PlyCount "68"]
[EventDate "2023.??.??"]

1. d4 d5 2. c4 c6 3. cxd5 cxd5 4. Bf4 Nf6 5. e3 Nc6 6. Bb5 Bg4 7. Nf3 e6 8. O-O Bd6 9. Bxc6+ bxc6 10. Bxd6 Qxd6 11. Nbd2 O-O 12. Qa4 Bxf3 13. Nxf3 c5 14. dxc5 Qxc5 15. Rfc1 Qb6 16. Rc2 Rfc8 17. Rac1 Rxc2 18. Qxc2 h6 19. Qc6 Qxc6 20. Rxc6 a5 21. Ne5 Rb8 22. Rc2 Ne4 23. f3 Nd6 24. b3 a4 25. bxa4 Ra8 26. Rc6 Nf5 27. e4 Nd4 28. Rc7 Rxa4 29. exd5 exd5 30. Rxf7 Nc6 31. Rf5 Ne7 32. Rf7 Ng6 33. Rf5 Ne7 34. Rf7 Ng6 1/2-1/2

[Event "FB1 2223 OSG Baden-Baden - SK Schwäbisc"]
[Site "?"]
[Date "2023.04.30"]
[Round "10.2"]
[White "Muzychuk, Anna"]
[Black "Batsiashvili, Nino"]
[Result "1/2-1/2"]
[WhiteElo "2504"]
[BlackElo "2474"]
[PlyCount "43"]
[EventDate "2023.??.??"]

1. e4 e5 2. Nf3 Nc6 3. Bb5 a6 4. Ba4 Nf6 5. O-O Bc5 6. c3 b5 7. Bb3 d6 8. d4 Bb6 9. Be3 Bg4 10. Nbd2 O-O 11. h3 Bh5 12. Qe1 Rb8 13. dxe5 Nxe5 14. Nxe5 dxe5 15. f3 Nd7 16. Rf2 Nc5 17. Bc2 Qh4 18. Nf1 Rfd8 19. Rd2 Qxe1 20. Rxe1 Rxd2 21. Nxd2 f6 22. b4 1/2-1/2

[Event "FB1 2223 OSG Baden-Baden - SK Schwäbisc"]
[Site "?"]
[Date "2023.04.30"]
[Round "10.3"]
[White "Arabidze, Meri"]
[Black "Paehtz, Elisabeth"]
[Result "1/2-1/2"]
[WhiteElo "2441"]
[BlackElo "2479"]
[PlyCount "128"]
[EventDate "2023.??.??"]

1. d4 Nf6 2. c4 g6 3. g3 Bg7 4. Bg2 O-O 5. Nc3 d6 6. Nf3 c6 7. O-O Bf5 8. Nh4 Be6 9. b3 d5 10. Nf3 Qa5 11. Bd2 dxc4 12. Ng5 Bc8 13. bxc4 Qa6 14. Qb3 Nbd7 15. Rfd1 h6 16. Nf3 Nb6 17. c5 Nc4 18. Be1 Be6 19. Qc2 Na3 20. Qb2 b6 21. cxb6 Nc4 22. Qc2 axb6 23. e4 b5 24. e5 Bf5 25. Qe2 Nd5 26. Nh4 Be6 27. Ne4 Qc8 28. Rdc1 Bg4 29. Qf1 Ra3 30. Nc3 Ndb6 31. h3 Be6 32. Nb1 Ra4 33. Nc3 Ra3 34. Nb1 Ra8 35. Bb4 Qd7 36. Nf3 Bd5 37. Qd1 Rfd8 38. Nc3 Qe6 39. Nxd5 Rxd5 40. Qc2 Qd7 41. Bc3 Qe6 42. Ne1 Rdd8 43. Nd3 Nd5 44. Nc5 Qf5 45. Ne4 Ra4 46. Be1 h5 47. Nc3 Qxc2 48. Rxc2 Nb4 49. Re2 Ra6 50. Nxb5 Nd3 51. Nc3 Rxd4 52. Ne4 Nxe1 53. Raxe1 Nxe5 54. Nc5 Ra7 55. Nb3 Rb4 56. Rd1 Bf6 57. f4 Nd7 58. Bxc6 Nb6 59. h4 Rc7 60. Bg2 Na4 61. Rd3 Kg7 62. Kh2 Nb2 63. Rf3 Ra4 64. f5 Nc4 1/2-1/2

[Event "FB1 2223 OSG Baden-Baden - SK Schwäbisc"]
[Site "?"]
[Date "2023.04.30"]
[Round "10.4"]
[White "Narva, Mai"]
[Black "Atalik, Ekaterina"]
[Result "1/2-1/2"]
[WhiteElo "2383"]
[BlackElo "2409"]
[PlyCount "79"]
[EventDate "2023.??.??"]

1. e4 e5 2. Nf3 Nc6 3. Bb5 a6 4. Ba4 Nf6 5. O-O Be7 6. d3 d6 7. c3 O-O 8. h3 b5 9. Bb3 Na5 10. Bc2 c5 11. Re1 Nc6 12. Nbd2 Re8 13. Nf1 Bf8 14. Bg5 h6 15. Bxf6 Qxf6 16. Ne3 Rb8 17. a4 b4 18. a5 Be6 19. Nd2 Qg5 20. Kh1 Na7 21. Ba4 Red8 22. Ndc4 Nb5 23. Qc2 Nc7 24. Nb6 bxc3 25. bxc3 d5 26. exd5 Nxd5 27. Nexd5 Bxd5 28. Nxd5 Rxd5 29. Bb3 Rd6 30. Re3 Rf6 31. Bc4 Rf4 32. Rae1 Bd6 33. Kg1 Bc7 34. Qa4 Qf6 35. Qa2 Qd8 36. g3 Rf6 37. Qa3 Bd6 38. Qa2 Bc7 39. Qa3 Bd6 40. Qa2 1/2-1/2

[Event "FB1 2223 Schachfreunde Deizisau - FC Ba"]
[Site "?"]
[Date "2023.04.30"]
[Round "10.1"]
[White "Exler, Veronika"]
[Black "Klek, Hanna Marie"]
[Result "0-1"]
[WhiteElo "2123"]
[BlackElo "2324"]
[PlyCount "38"]
[EventDate "2023.??.??"]

1. e4 e5 2. Nf3 Nc6 3. d4 exd4 4. Bc4 Nf6 5. e5 Ng4 6. O-O Be7 7. Re1 d6 8. exd6 cxd6 9. Nxd4 O-O 10. Be2 Nxd4 11. Qxd4 Bf6 12. Qd1 Re8 13. Bxg4 Bxg4 14. Rxe8+ Qxe8 15. f3 Bf5 16. Na3 Qa4 17. Rb1 Re8 18. Bd2 Bxb2 19. Rxb2 Qd4+ 0-1

[Event "FB1 2223 Schachfreunde Deizisau - FC Ba"]
[Site "?"]
[Date "2023.04.30"]
[Round "10.2"]
[White "Schleining, Zoya"]
[Black "Khrapko, Marharyta"]
[Result "1-0"]
[WhiteElo "2331"]
[BlackElo "2186"]
[PlyCount "81"]
[EventDate "2023.??.??"]

1. e4 c5 2. Nf3 e6 3. d4 cxd4 4. Nxd4 Nf6 5. Nc3 Nc6 6. g3 d5 7. exd5 Nxd5 8. Bg2 Bb4 9. O-O O-O 10. Nxd5 exd5 11. Be3 Re8 12. c3 Bf8 13. Qb3 Nxd4 14. Bxd4 Be6 15. Qxb7 Qa5 16. Qb3 Rab8 17. Qc2 Rec8 18. Qd2 Qb5 19. b4 Qa4 20. Qd1 Qd7 21. a4 a5 22. b5 Bc5 23. Qd2 h6 24. Rfd1 Qa7 25. Qe3 Bxd4 26. Rxd4 Rc5 27. Rad1 Qc7 28. Qf4 Qxf4 29. Rxf4 Kf8 30. Rfd4 Ke7 31. Bxd5 Bxd5 32. Rxd5 Rxc3 33. Re1+ Kf6 34. Rd6+ Kf5 35. Ra6 Rd8 36. Rxa5 Rd2 37. b6+ Kg4 38. Re4+ Kf3 39. Rf4+ Ke2 40. Re5+ Kd1 41. b7 1-0

[Event "FB1 2223 Schachfreunde Deizisau - FC Ba"]
[Site "?"]
[Date "2023.04.30"]
[Round "10.3"]
[White "Mayrhuber, Nikola"]
[Black "Belenkaya, Dina"]
[Result "0-1"]
[WhiteElo "2128"]
[BlackElo "2267"]
[PlyCount "144"]
[EventDate "2023.??.??"]

1. d4 d5 2. c4 e6 3. Nc3 Be7 4. Nf3 Nf6 5. Bg5 O-O 6. e3 h6 7. Bh4 b6 8. cxd5 exd5 9. Bd3 c5 10. O-O Be6 11. Rc1 Nbd7 12. Bb1 Rc8 13. Qd3 g6 14. Qe2 Re8 15. Rfd1 c4 16. Ne5 a6 17. h3 b5 18. a3 Qb6 19. Nxd7 Nxd7 20. Bxe7 Rxe7 21. Qf3 Qb7 22. e4 Nb6 23. Qf4 Kg7 24. h4 dxe4 25. Bxe4 Bd5 26. Nxd5 Nxd5 27. Qf3 Rd8 28. h5 Qd7 29. g3 Qe6 30. Bb1 Qe2 31. Qxe2 Rxe2 32. Rc2 Rxc2 33. Bxc2 gxh5 34. Kg2 a5 35. Kf3 b4 36. axb4 axb4 37. Be4 Nb6 38. Bc6 Kf6 39. Ke4 Ke6 40. Ra1 Kd6 41. Bb5 f5+ 42. Ke3 Nd5+ 43. Kd2 Rc8 44. Ra6+ Ke7 45. Kc2 b3+ 46. Kd2 c3+ 47. bxc3 Rxc3 48. Ra7+ Ke6 49. Bd3 Rc6 50. Rb7 Nb6 51. Rb8 b2 52. Bb1 Kd5 53. Rd8+ Kc4 54. Bd3+ Kb4 55. d5 Rc3 56. Bxf5 Rc5 57. Rb8 Rxd5+ 58. Kc2 Rxf5 59. Rxb6+ Kc5 60. Rxh6 Rxf2+ 61. Kb1 Rh2 62. g4 h4 63. g5 Kd5 64. Rb6 h3 65. g6 Rg2 66. g7 Rxg7 67. Kxb2 Rh7 68. Rb5+ Ke4 69. Rb4+ Kf3 70. Rc4 h2 71. Rc3+ Ke4 72. Rc4+ Kd5 0-1

[Event "FB1 2223 Schachfreunde Deizisau - FC Ba"]
[Site "?"]
[Date "2023.04.30"]
[Round "10.4"]
[White "Koepke, Elena"]
[Black "Schloffer, Jasmin-Denise"]
[Result "0-1"]
[WhiteElo "2240"]
[BlackElo "2091"]
[PlyCount "126"]
[EventDate "2023.??.??"]

1. e4 e5 2. Bc4 Nf6 3. d3 c6 4. Nf3 d5 5. Bb3 Bd6 6. Nc3 d4 7. Ne2 c5 8. O-O O-O 9. Bg5 Nc6 10. c3 Be6 11. Ng3 Be7 12. Ba4 Nd7 13. Bxc6 bxc6 14. Bxe7 Qxe7 15. cxd4 cxd4 16. Qc2 c5 17. Nd2 Rfc8 18. b3 Nb6 19. f4 exf4 20. Rxf4 Qg5 21. Raf1 g6 22. R4f2 a5 23. Nf3 Qe7 24. Qc1 a4 25. Qh6 Qf8 26. Qf4 axb3 27. axb3 Nd7 28. Ng5 Bxb3 29. e5 Qg7 30. N3e4 Qxe5 31. Nf6+ Qxf6 32. Qxf6 Nxf6 33. Rxf6 Bd5 34. h4 Ra2 35. Nf3 Bxf3 36. R1xf3 Rc7 37. Rd6 Kg7 38. Kh2 h5 39. Rd5 Ra3 40. Kg3 c4 41. dxc4 Rxf3+ 42. Kxf3 Rxc4 43. g3 Rc3+ 44. Kf4 Rd3 45. Rd6 Rd1 46. Kf3 d3 47. Ke3 d2 48. Rd3 Kf6 49. Ke2 Rg1 50. Rf3+ Ke5 51. Kxd2 Ke4 52. Re3+ Kf5 53. Ke2 Kg4 54. Kf2 Ra1 55. Re4+ Kh3 56. Re3 Ra2+ 57. Kf3 Rg2 58. Kf4 Rf2+ 59. Ke4 Kg4 60. Ke5 Rf3 61. Re4+ Kxg3 62. Ra4 Rf5+ 63. Kd6 Rf4 0-1